The long, unwinding road (Record no. 83156)

MARC details
000 -LEADER
fixed length control field 00899cab a22001935a 4500
001 - CONTROL NUMBER
control field L152995
008 - FIXED-LENGTH DATA ELEMENTS--GENERAL INFORMATION
fixed length control field 110523e20110520xxk 000 0 eng d
035 ## - SYSTEM CONTROL NUMBER
System control number (Sirsi) u152995
041 0# - LANGUAGE CODE
Language code of text/sound track or separate title eng
100 1# - MAIN ENTRY--PERSONAL NAME
Personal name Thomas, Daniel
245 04 - TITLE STATEMENT
Title The long, unwinding road
260 ## - PUBLICATION, DISTRIBUTION, ETC.
Date of publication, distribution, etc. 2011
490 #0 - SERIES STATEMENT
Series statement Property Week
Volume/sequential designation 77(20) 20 May 2011, 32-35(4)
520 ## - SUMMARY, ETC.
Summary, etc. De Montfort University's authoritative annual bank lending report for the year to 31 December 2010 estimates the total debt secured by UK commercial property to be £290bn. Records the first ever annual drop in outstanding debt by nearly 10% and believes that the industry has reached a considered view on the workout of problem loans. Tables and graphs summarise the findings of the survey.
590 ## - LOCAL NOTE (RLIN)
Local note KA
651 #4 - SUBJECT ADDED ENTRY--GEOGRAPHIC NAME
Geographic name United Kingdom
Chronological subdivision
690 ## - LOCAL SUBJECT ADDED ENTRY--TOPICAL TERM (OCLC, RLIN)
Topical term or geographic name as entry element PROPERTY-COMMERCIAL PROPERTY-COMMERCIAL PROPERTY FINANCE AND INVESTMENT
942 ## - ADDED ENTRY ELEMENTS (KOHA)
Suppress in OPAC 0
Holdings
Withdrawn status Lost status Source of classification or shelving scheme Damaged status Not for loan Home library Current library Shelving location Date acquired Total Checkouts Full call number Barcode Date last seen Copy number Price effective from Koha item type
    Dewey Decimal Classification     London London Journal article 23/05/2011   L152995 152995-1001 06/08/2019 1 06/08/2019 Journal article